[Event "IND-CHN Summit 2015"]
[Site "Hyderabad IND"]
[Date "2015.03.02"]
[Round "1.3"]
[White "Zhou, Jianchao"]
[Black "Sasikiran, Krishnan"]
[Result "1/2-1/2"]
[WhiteTitle "GM"]
[BlackTitle "GM"]
[WhiteElo "2578"]
[BlackElo "2682"]
[WhiteFideId "8603537"]
[BlackFideId "5004985"]
[EventDate "2015.03.02"]

1. c4 Nf6 2. Nc3 e6 3. e4 d5 4. cxd5 exd5 5. e5 Ne4 6. Nf3 Bf5 7. Be2 Nc6 8. O-O
Be7 9. d4 O-O 10. Bd3 Qd7 11. Re1 Nxc3 12. bxc3 Nd8 13. Ng5 Bg6 14. e6 Nxe6 15.
Nxe6 fxe6 16. Bxg6 hxg6 17. Qg4 Bd6 18. Qxe6+ Qxe6 19. Rxe6 Rae8 20. Rxe8 Rxe8
21. Kf1 Kf7 22. Bd2 b6 23. Re1 Rxe1+ 24. Kxe1 Ke6 25. Ke2 c5 26. dxc5 bxc5 27.
Be3 a6 28. h3 Be7 29. f3 Kd6 30. Bf4+ Ke6 31. Be3 Kd6 32. Bf4+ Ke6 33. Be3 Ke5 1/2-1/2

[Event "IND-CHN Summit 2015"]
[Site "Hyderabad IND"]
[Date "2015.03.02"]
[Round "1.4"]
[White "Lalith, Babu M.R."]
[Black "Wang, Chen"]
[Result "1/2-1/2"]
[WhiteTitle "GM"]
[BlackTitle "IM"]
[WhiteElo "2556"]
[BlackElo "2500"]
[WhiteFideId "5024595"]
[BlackFideId "8601020"]
[EventDate "2015.03.02"]

1. d4 d5 2. Nf3 Nf6 3. c4 e6 4. g3 g6 5. Bg2 Bg7 6. O-O O-O 7. Nc3 Nc6 8. Ne5
Nd7 9. cxd5 exd5 10. Nxc6 bxc6 11. b3 Re8 12. Ba3 Nb6 13. Qd2 a5 14. Rfe1 a4 15.
Bb4 axb3 16. axb3 Bf5 17. e3 Qb8 18. Na4 Nd7 19. Qc3 Qb7 20. Nc5 Nxc5 21. Bxc5
Rxa1 22. Rxa1 Ra8 23. b4 Rxa1+ 24. Qxa1 Bd3 25. Qa3 Bb5 26. e4 dxe4 27. Bxe4 Qc8
28. Bf3 h5 29. Qe3 Qd7 30. Qe4 f5 31. Qc2 Qe6 32. h4 Kh7 33. Kh2 Qd7 34. Qb3 Qe8
35. Qa2 Qd7 36. Qb3 Qe8 37. d5 Qf7 38. Qd1 Qd7 39. Qb3 Qf7 40. Qd1 Qd7 41. Bd4
Bf8 42. Bc5 Bg7 43. Bd4 Bf8 44. Bc3 cxd5 45. Qd4 Bg7 46. Qxg7+ Qxg7 47. Bxg7
Kxg7 48. Bxd5 Kf6 49. f4 Bd7 50. Kg1 Be6 51. Bf3 Ke7 52. Kf2 Kd6 53. Ke3 c5 54.
b5 Kc7 55. Kd3 Bd7 56. Kc4 Kb6 57. Bd5 Bxb5+ 58. Kc3 Be8 59. Kc4 Bb5+ 60. Kc3
Be8 1/2-1/2

[Event "IND-CHN Summit 2015"]
[Site "Hyderabad IND"]
[Date "2015.03.03"]
[Round "2.3"]
[White "Sasikiran, Krishnan"]
[Black "Zhou, Jianchao"]
[Result "1/2-1/2"]
[WhiteTitle "GM"]
[BlackTitle "GM"]
[WhiteElo "2682"]
[BlackElo "2578"]
[WhiteFideId "5004985"]
[BlackFideId "8603537"]
[EventDate "2015.03.02"]

1. e4 c5 2. Nf3 e6 3. d4 cxd4 4. Nxd4 a6 5. Bd3 Bc5 6. Nb3 Be7 7. Qg4 Bf6 8. f4
d6 9. N1d2 Nc6 10. c3 Nge7 11. Qe2 Ng6 12. g3 b5 13. Nf3 Bb7 14. a3 Na5 15. Nxa5
Qxa5 16. Bd2 Qc7 17. O-O O-O 18. h4 Rfe8 19. Rf2 e5 20. h5 Nf8 21. fxe5 Bxe5 22.
Nxe5 Rxe5 23. Raf1 Re7 24. h6 Ng6 25. hxg7 d5 26. e5 Qxe5 27. Qxe5 Nxe5 28. Bc2
Ng4 29. Rf4 Ne3 30. Bxe3 Rxe3 31. Rg4 h6 32. Bh7+ Kxh7 33. Rxf7 Rg8 34. Rxb7 Re2
35. b4 Ra2 36. Rc7 Rxa3 37. Kf2 a5 38. bxa5 Rxa5 39. Rd4 Rxg7 40. Rxg7+ Kxg7 41.
Rxd5 Ra3 42. Rxb5 Rxc3 1/2-1/2

[Event "IND-CHN Summit 2015"]
[Site "Hyderabad IND"]
[Date "2015.03.03"]
[Round "2.4"]
[White "Wang, Chen"]
[Black "Lalith, Babu M.R."]
[Result "0-1"]
[WhiteTitle "IM"]
[BlackTitle "GM"]
[WhiteElo "2500"]
[BlackElo "2556"]
[WhiteFideId "8601020"]
[BlackFideId "5024595"]
[EventDate "2015.03.02"]

1. e4 c6 2. Nf3 d5 3. Nc3 Bg4 4. h3 Bxf3 5. Qxf3 e6 6. d4 dxe4 7. Qxe4 Nf6 8.
Qd3 Na6 9. a3 Qa5 10. Rb1 O-O-O 11. Be2 Nc7 12. O-O Qf5 13. Qxf5 exf5 14. Bc4
Ne6 15. Rd1 g6 16. Be3 Nd5 17. Nxd5 cxd5 18. Bf1 Bg7 19. c3 h5 20. Rbc1 Kb8 21.
f3 Rhe8 22. Bf2 a6 23. Bd3 Bf6 24. Kf1 h4 25. Bg1 Bg5 26. Rc2 Bf4 27. c4 Bg3 28.
cxd5 Nf4 29. Bf2 Nxd5 30. Bc4 Rc8 31. Rdd2 Bxf2 32. Bxd5 Rxc2 33. Rxc2 Bg3 34.
Re2 Rc8 35. Rd2 Rc1+ 36. Ke2 Bf4 37. Rd3 Rc2+ 38. Ke1 Rxg2 39. Rb3 Rg3 40. Rxb7+
Kc8 41. Rxf7 Rxh3 42. Kf1 Rh1+ 43. Kg2 Rh2+ 44. Kg1 Rxb2 45. Rh7 Bg3 46. Rh6 Rb6
47. Bf7 Rf6 48. Bxg6 h3 49. Bxf5+ Rxf5 50. Rxa6 Rxf3 51. Rc6+ Kd7 52. Rc1 Ke6
53. a4 Kf5 54. d5 Kg4 55. d6 Bxd6 56. a5 h2+ 57. Kh1 Kh3 58. a6 Bc5 59. a7 Rg3 0-1

[Event "IND-CHN Summit 2015"]
[Site "Hyderabad IND"]
[Date "2015.03.04"]
[Round "3.2"]
[White "Zhou, Jianchao"]
[Black "Sethuraman, S.P."]
[Result "1/2-1/2"]
[WhiteTitle "GM"]
[BlackTitle "GM"]
[WhiteElo "2578"]
[BlackElo "2623"]
[WhiteFideId "8603537"]
[BlackFideId "5021596"]
[EventDate "2015.03.02"]

1. c4 c6 2. Nf3 d5 3. e3 Nf6 4. d4 Bg4 5. Nc3 e6 6. Qb3 Qb6 7. Nh4 Bh5 8. h3
Qxb3 9. axb3 Na6 10. g4 Nb4 11. Ra4 g5 12. gxh5 gxh4 13. Bd2 Be7 14. c5 a5 15.
Na2 Nxa2 16. Rxa2 Nxh5 17. Bd3 Kd7 18. Ke2 b6 19. cxb6 Rhb8 20. Rxa5 Rxa5 21.
Bxa5 Bd8 22. Ra1 Nf6 23. b4 Bxb6 24. Bxb6 Rxb6 25. Ra7+ Ke8 26. Ra4 Rb7 27. Kf3
Ke7 28. b5 cxb5 29. Rb4 Ne4 30. Rxb5 Rxb5 31. Bxb5 f5 32. Bd3 Ng5+ 33. Ke2 Kd6
34. f4 Nf7 35. Kd2 Kc6 36. Kc3 Kb6 37. Kb4 Nd6 38. Ka4 Nf7 39. Bb5 Nd6 40. Bd3
Nf7 41. Kb4 Nd6 42. b3 Ne8 43. Be2 Nf6 44. Bf3 Ne8 45. Bh5 Nd6 46. Bf3 Ne8 47.
Bh5 Nd6 48. Bf3 1/2-1/2

[Event "IND-CHN Summit 2015"]
[Site "Hyderabad IND"]
[Date "2015.03.04"]
[Round "3.3"]
[White "Sasikiran, Krishnan"]
[Black "Wang, Chen"]
[Result "0-1"]
[WhiteTitle "GM"]
[BlackTitle "IM"]
[WhiteElo "2682"]
[BlackElo "2500"]
[WhiteFideId "5004985"]
[BlackFideId "8601020"]
[EventDate "2015.03.02"]

1. d4 d5 2. c4 e6 3. Nf3 Nf6 4. g3 g6 5. Bg2 Bg7 6. O-O O-O 7. Qc2 Nc6 8. Rd1 a5
9. Nc3 Ne7 10. e4 c6 11. b3 b6 12. Ba3 Ba6 13. e5 Ne8 14. Ne2 Nc7 15. Nf4 Re8
16. g4 dxc4 17. bxc4 b5 18. Nd3 bxc4 19. Nc5 Bb5 20. Ne4 Ncd5 21. h3 Nb4 22. Qc1
Ned5 23. g5 c3 24. Bf1 Ba4 25. Re1 Kh8 26. Nf6 Nc2 27. Bd3 Nxa1 28. Qxa1 Rb8 29.
Qc1 Qb6 30. Be4 Red8 31. Bxd5 cxd5 32. Qxc3 Rdc8 33. Qe3 Qb5 34. Bc5 Bc2 35. Qf4
Qd3 36. Nh4 Rb1 37. Rxb1 Bxb1 38. Kh2 Qe2 39. Ng4 Bf5 40. Nxf5 gxf5 41. Nf6 Rb8
42. Qh4 Bxf6 43. exf6 Kg8 44. Qf4 Rb2 45. Kg3 Qe1 0-1

[Event "IND-CHN Summit 2015"]
[Site "Hyderabad IND"]
[Date "2015.03.05"]
[Round "4.1"]
[White "Wang, Chen"]
[Black "Sasikiran, Krishnan"]
[Result "1-0"]
[WhiteTitle "IM"]
[BlackTitle "GM"]
[WhiteElo "2500"]
[BlackElo "2682"]
[WhiteFideId "8601020"]
[BlackFideId "5004985"]
[EventDate "2015.03.02"]

1. e4 c5 2. Nc3 Nc6 3. f4 e6 4. Nf3 d5 5. Bb5 Ne7 6. exd5 exd5 7. Qe2 Bg4 8. O-O
Qd6 9. Bxc6+ Qxc6 10. h3 Bxf3 11. Qxf3 d4 12. Ne4 f5 13. Ng5 h6 14. Qxc6+ Nxc6
15. Nf3 d3 16. c4 O-O-O 17. b3 Bd6 18. Bb2 Bxf4 19. Bxg7 Rhg8 20. Bc3 Bg3 21.
Nh2 f4 22. Ng4 Rg6 23. Nf6 Nd4 24. Nd5 Ne2+ 25. Kh1 Re6 26. Bg7 Rde8 27. Rad1
Bh4 28. Nxf4 R6e7 29. Nh5 Rg8 30. Bf6 Re4 31. g4 Ng3+ 32. Nxg3 Bxg3 33. Kg2 Bf4
34. Rde1 Rxe1 35. Rxe1 Rf8 36. Bc3 Bg5 37. Re5 b6 38. Rd5 Bh4 39. Rxd3 Rf2+ 40.
Kg1 Re2 41. Re3 1-0

[Event "IND-CHN Summit 2015"]
[Site "Hyderabad IND"]
[Date "2015.03.05"]
[Round "4.4"]
[White "Sethuraman, S.P."]
[Black "Zhou, Jianchao"]
[Result "1-0"]
[WhiteTitle "GM"]
[BlackTitle "GM"]
[WhiteElo "2623"]
[BlackElo "2578"]
[WhiteFideId "5021596"]
[BlackFideId "8603537"]
[EventDate "2015.03.02"]

1. e4 c6 2. d4 d5 3. e5 Bf5 4. Nf3 e6 5. Be2 c5 6. Be3 Qb6 7. Nc3 Nc6 8. Na4
Qa5+ 9. c3 c4 10. b4 Qd8 11. O-O h6 12. Ne1 b5 13. Nb2 Nge7 14. a4 a6 15. g4 Bh7
16. Ng2 h5 17. f3 Ng6 18. Qd2 Be7 19. Nd1 hxg4 20. fxg4 Nh4 21. Nf4 Be4 22. Nh5
Rh7 23. Bf4 Ng6 24. Nf2 Nxf4 25. Nxf4 Bg6 26. Nxg6 fxg6 27. Qc2 Rh6 28. g5 Bxg5
29. Ng4 Ne7 30. Nxh6 Bxh6 31. Qa2 Nf5 32. axb5 Be3+ 33. Kh1 Qh4 34. Rf3 g5 35.
Rxf5 Qe4+ 36. Bf3 Qxf5 37. Qg2 Ke7 38. Qe2 Bf4 39. Bg4 Qh7 40. bxa6 Bxh2 41. Kg2
Qh4 42. Qf3 Rf8 43. Qh3 Qf2+ 44. Kh1 Qb2 45. Rd1 Bf4 46. Rf1 Ra8 47. b5 Qxb5 48.
Qh7 Rf8 49. Ra1 Qe8 50. Rb1 Rh8 51. Rb7+ Kd8 52. Rb8+ Kc7 53. Qxh8 Qxb8 54.
Qxb8+ Kxb8 55. Bxe6 Bd2 56. Bxd5 Bxc3 57. e6 Bb4 58. Bxc4 g4 59. Kg2 Bd6 60. Kf2
Ka7 61. Bf1 g3+ 62. Kf3 Kb6 63. Ke4 Be7 1-0

[Event "IND-CHN Summit 2015"]
[Site "Hyderabad IND"]
[Date "2015.03.07"]
[Round "5.2"]
[White "Sethuraman, S.P."]
[Black "Wang, Chen"]
[Result "1-0"]
[WhiteTitle "GM"]
[BlackTitle "IM"]
[WhiteElo "2623"]
[BlackElo "2500"]
[WhiteFideId "5021596"]
[BlackFideId "8601020"]
[EventDate "2015.03.02"]

1. e4 Nf6 2. e5 Nd5 3. d4 d6 4. Nf3 dxe5 5. Nxe5 c6 6. Be2 Bf5 7. O-O Nd7 8. Bg4
Bxg4 9. Qxg4 Qc8 10. Nd3 N7f6 11. Qe2 Qg4 12. Qxg4 Nxg4 13. h3 Ngf6 14. c4 Nc7
15. Nc3 Rd8 16. Be3 e6 17. a4 Be7 18. b4 Na6 19. Rab1 e5 20. Nxe5 Nxb4 21. c5 a5
22. Nc4 Ra8 23. Nxa5 Nbd5 24. Nxd5 Nxd5 25. Bd2 Ra7 26. Rfd1 Kd7 27. Nc4 Bf6 28.
a5 Kc7 29. Be1 Re8 30. Nd6 Re2 31. Rb3 Bxd4 32. Kf1 Bxc5 33. Kxe2 Bxd6 34. h4 h5
35. Rf3 f6 36. Rf5 Be5 37. Kf1 g6 38. Rf3 b6 39. axb6+ Kxb6 40. Rb3+ Kc7 41.
Rdb1 Kc8 42. g3 Ra4 43. Kg2 Kd7 44. Bd2 c5 45. Rb5 Ra2 46. Be1 Rc2 47. Rb7+ Ke6
48. Ra7 Bd4 49. Kf3 Kf5 50. Rd1 Nc3 51. Rd3 Nd5 52. Rd2 Rc1 53. Re2 Rd1 54. Kg2
Rd3 55. Ra5 Nb6 56. Rc2 Ke4 57. Re2+ Kf5 58. Ra6 Nc4 59. Rc2 Ne5 60. Rd6 Nf3 61.
Re2 c4 62. Ba5 g5 63. hxg5 fxg5 64. Rd5+ Kg6 65. Re6+ Kf7 66. Rc6 g4 67. Rd7+
Ke8 68. Rh7 1-0

[Event "IND-CHN Summit 2015"]
[Site "Hyderabad IND"]
[Date "2015.03.08"]
[Round "6.3"]
[White "Wang, Chen"]
[Black "Sethuraman, S.P."]
[Result "1/2-1/2"]
[WhiteTitle "IM"]
[BlackTitle "GM"]
[WhiteElo "2500"]
[BlackElo "2623"]
[WhiteFideId "8601020"]
[BlackFideId "5021596"]
[EventDate "2015.03.02"]

1. e4 c5 2. Nc3 Nc6 3. f4 e6 4. Nf3 d5 5. Bb5 Ne7 6. exd5 exd5 7. Qe2 f6 8.
Bxc6+ bxc6 9. O-O Kf7 10. d3 Nf5 11. Na4 Bd6 12. Re1 Re8 13. Qxe8+ Qxe8 14. Rxe8
Kxe8 15. b3 Kf7 16. Ba3 Bxf4 17. Bxc5 g5 18. g3 Bc7 19. Re1 Bd7 20. Nd4 Nd6 21.
c4 dxc4 22. dxc4 Nc8 23. Ba3 Bb6 24. Nc5 Nd6 25. Kg2 Nf5 26. Nxf5 Bxc5 27. Nh6+
Kg6 28. Bxc5 Kxh6 29. Re7 Bf5 30. Rxa7 Rxa7 31. Bxa7 Bb1 32. a4 Bc2 33. a5 Bxb3
34. Bd4 Kg6 35. a6 Bxc4 36. a7 Bd5+ 37. Kf2 c5 38. Bxc5 Kf5 39. h3 h5 40. Be7
Ke6 41. Bd8 Ba8 42. Ke3 Ke5 43. Ba5 Kd5 44. Bc3 Ke6 45. Kd4 Kd6 46. Bb4+ Kd7 47.
Kc5 Kc7 48. Kd4 Bg2 49. Be7 Kb7 50. Bxf6 1/2-1/2

[Event "IND-CHN Summit 2015"]
[Site "Hyderabad IND"]
[Date "2015.03.09"]
[Round "7.2"]
[White "Zhou, Jianchao"]
[Black "Lalith, Babu M.R."]
[Result "1/2-1/2"]
[WhiteTitle "GM"]
[BlackTitle "GM"]
[WhiteElo "2578"]
[BlackElo "2556"]
[WhiteFideId "8603537"]
[BlackFideId "5024595"]
[EventDate "2015.03.02"]

1. d4 Nf6 2. c4 e6 3. Nc3 Bb4 4. Nf3 c5 5. e3 O-O 6. Bd3 d5 7. O-O cxd4 8. exd4
dxc4 9. Bxc4 b6 10. Bg5 Bb7 11. Rc1 Nbd7 12. Qe2 Rc8 13. Ne5 Be7 14. Nxf7 Rxf7
15. Bxe6 Nf8 16. Bb3 h6 17. Bxf6 Bxf6 18. Qh5 g6 19. Qh3 Rc7 20. Rcd1 Kg7 21.
Bxf7 Rxf7 22. d5 Qd7 23. Qg3 Qf5 24. Nb5 Be5 25. Qa3 Nd7 26. Nxa7 Nf6 27. Nc6
Nxd5 28. Nxe5 Qxe5 29. Rfe1 Qf6 30. f3 h5 31. Qd3 Qxb2 32. Qd4+ Qxd4+ 33. Rxd4
Kf6 34. a4 Rc7 35. h4 Rc3 36. Kf2 Bc6 37. Ree4 Rc2+ 38. Kg3 Rc5 39. Kf2 Rc2+ 40.
Kg3 Rc5 41. Kh2 Bd7 42. g4 Be6 43. Kg3 Rc3 44. Kf2 Rc2+ 45. Ke1 Rc3 46. Kf2 Rc2+
47. Ke1 Rc3 1/2-1/2

[Event "IND-CHN Summit 2015"]
[Site "Hyderabad IND"]
[Date "2015.03.10"]
[Round "8.3"]
[White "Lalith, Babu M.R."]
[Black "Zhou, Jianchao"]
[Result "1-0"]
[WhiteTitle "GM"]
[BlackTitle "GM"]
[WhiteElo "2556"]
[BlackElo "2578"]
[WhiteFideId "5024595"]
[BlackFideId "8603537"]
[EventDate "2015.03.02"]

1. d4 Nf6 2. c4 e6 3. Nf3 b6 4. g3 Bb7 5. Bg2 Bb4+ 6. Bd2 c5 7. Bxb4 cxb4 8. a3
bxa3 9. Nxa3 O-O 10. O-O a5 11. Nb5 Na6 12. Qd2 Qe7 13. Qf4 Rab8 14. Qd6 Qd8 15.
Rfc1 Nb4 16. Ne5 Bxg2 17. Kxg2 Rb7 18. Nd3 Ne8 19. Qf4 Nxd3 20. exd3 d5 21. Ra3
dxc4 22. dxc4 Rd7 23. c5 Nc7 24. c6 e5 25. dxe5 Rd5 26. Nxc7 Qxc7 27. Re3 Re8
28. Qe4 Rb5 29. Qd3 Rc5 30. Rxc5 bxc5 31. Qd5 Re6 32. Rd3 1-0